Duna (Record no. 42513)

MARC details
000 -Etiqueta do registo
Valores 00445nam a2200157 4500
100 ## - Dados gerais de processamento
Dados gerais 20240110 pory50
101 ## - Língua de publicação
Língua por
102 ## - País de publicação
País PT
200 ## - Titulo e menção de responsabilidade
Título próprio Duna
Informação de outro título o romance gráfico
Primeira menção de responsabilidade Frank Herbert
-- adap. Brian Herbert , Kevin J. Andersen ; il. Raúl Allén , Patricia Martín
Outras menções de responsabilidade trad. Jorge Candeias
210 ## - Publicação
Nome do editor Relógio d' Água
215 ## - Descrição física 
Paginação / Volumes 162, [5] p.
675 ## - CDU
Notação 82-9
801 ## - Fonte de origem
País PT
Regras de catalogação RPC
990 ## - Elementos KOHA
Tipo de documento Livro
Holdings
Aquisição Empréstimo Código de barras Cota Permissão de empréstimo Tipo de documento
Biblioteca Escolar Doutor Hernâni Cidade Biblioteca Escolar Doutor Hernâni Cidade 55625 82-9 AA.VV. B.D. / N.G.   Livro

Powered by Koha